| 000 | 00474nam a2200169Ia 4500 | ||
|---|---|---|---|
| 008 | 240729s9999 xx 000 0 und d | ||
| 022 | _a1444-3775 | ||
| 245 | 0 | _aTransformations | |
| 260 | _aAustralia | ||
| 260 | _bCentral Queensland University | ||
| 650 | _a Communication. Mass media | ||
| 650 | _a Philology. Linguistics | ||
| 650 | _aLanguage and Literature | ||
| 856 | _uhttps://doaj.org/toc/07873cc5dab7476cbed0fbf04d11cdfe | ||
| 942 | _2ddc | ||
| 942 | _cDOAJEJ | ||
| 999 |
_c68785 _d68785 |
||
| 945 |
_a1 _bMadushi Gamage _c1 _dMadushi Gamage |
||